Nueva Sociedad (Record no. 4058)
[ view plain ]
| 000 -CABECERA | |
|---|---|
| campo de control de longitud fija | 00422caa a22001692a 4500 |
| 001 - NÚMERO DE CONTROL | |
| campo de control | 001280 |
| 003 - IDENTIFICADOR DEL NÚMERO DE CONTROL | |
| campo de control | AR-FADEU |
| 008 - DATOS DE LONGITUD FIJA--INFORMACIÓN GENERAL | |
| campo de control de longitud fija | 311216n############xxu####################dd |
| 092 ## - ASIGNACIÓN LOCAL DE SIGNATURA TOPOGRÁFICA DEWEY (OCLC) | |
| Número de clasificación | PP(320.1)NUE |
| 245 ## - MENCIÓN DE TÍTULO | |
| Resto del título | Guerra. Violencia. Guerrillas |
| 245 ## - MENCIÓN DE TÍTULO | |
| Título | Nueva Sociedad |
| 260 ## - PUBLICACIÓN, DISTRIBUCIÓN, ETC. (PIE DE IMPRENTA) | |
| Fecha de publicación, distribución, etc. | may. jun. 1987 |
| 300 ## - DESCRIPCIÓN FÍSICA | |
| Extensión | 6-180 |
| 440 ## - MENCIÓN DE SERIE/PUNTO DE ACCESO ADICIONAL--TÍTULO | |
| Número de parte o sección de la obra | 89 |
| 650 ## - PUNTO DE ACCESO ADICIONAL DE MATERIA--TÉRMINO DE MATERIA | |
| Término de materia o nombre geográfico como elemento inicial | VIOLENCIA-AMERICA LATINA; GUERRILLA-AMERICA LATINA |
| 942 ## - ELEMENTOS DE PUNTO DE ACCESO ADICIONAL (KOHA) | |
| Tipo de ítem Koha | PPGR |
No items available.